000 00527nam a2200181Ia 4500
999 _c27893
_d27893
003 OSt
005 20201202095240.0
008 190216s9999||||xx |||||||||||||| ||und||
020 _a8124005435
040 _coclc
082 _a894.8123
_bSRE/I
100 _a Sreedharan, Perumpadavom
_96466
245 0 _aIruttil Parakkunna Pakshi /
_cPerumpadavom Sreedharan
260 _bCurrent Books,
_aKottayam:
_c1998.
300 _a136p
650 _aNovel
942 _cBK
_2ddc
_h894.8123
_iSRE/I
_k894.8123
_mSRE/I